Sélection de Tuiles - Nombres - Statistiques

Statistiques générales
  • Ce quiz a été pris 10 fois
  • Le résultat moyen est 34 sur 57
Statistiques - réponses
Question Tuile Select % Correct
Sélectionne les nombres premiers 0 Non
100%
Sélectionne les nombres premiers 38 Non
100%
Sélectionne les nombres premiers 7 Oui
100%
Sélectionne les nombres premiers 8 Non
100%
Sélectionne les nombres premiers 11 Oui
89%
Sélectionne les nombres premiers 15 Non
89%
Sélectionne les nombres premiers 69 Non
89%
Sélectionne les nombres premiers 83 Oui
89%
Sélectionne les nombres premiers 97 Oui
89%
Sélectionne les nombres appartenant à l'ensemble Z. 0 Oui
78%
Sélectionne les nombres appartenant à l'intervalle ]-8;-3[ U [0;29] -0,001 Non
78%
Sélectionne les nombres appartenant à l'intervalle ]-8;-3[ U [0;29] -1 Non
78%
Sélectionne les nombres appartenant à l'intervalle ]-8;-3[ U [0;29] 30 Non
78%
Sélectionne les nombres appartenant à l'ensemble Z. 4 Oui
78%
Sélectionne les nombres appartenant à l'intervalle ]-8;-3[ U [0;29] -4 Oui
78%
Sélectionne les nombres appartenant à l'ensemble Z. √5 Non
78%
Sélectionne les nombres appartenant à l'intervalle ]-8;-3[ U [0;29] -8 Non
78%
Sélectionne les nombres appartenant à l'intervalle ]-8;-3[ U [0;29] 0 Oui
67%
Sélectionne les nombres appartenant à l'ensemble Z. 12/4 Oui
67%
Sélectionne les nombres appartenant à l'ensemble Z. 1/3 Non
67%
Sélectionne les nombres irrationnels. √16 Non
67%
Sélectionne les nombres appartenant à l'intervalle ]-8;-3[ U [0;29] 29 Oui
67%
Sélectionne les nombres appartenant à l'intervalle ]-8;-3[ U [0;29] -2,99 Non
67%
Sélectionne les nombres appartenant à l'intervalle ]-8;-3[ U [0;29] -3 Non
67%
Sélectionne les nombres irrationnels. (-3)² Non
67%
Sélectionne les nombres premiers 57 Non
67%
Sélectionne les nombres irrationnels. 7 Non
67%
Sélectionne les nombres irrationnels. -9/2 * 6/5 Non
67%
Sélectionne les nombres irrationnels. π Oui
56%
Soient les fonctions f et g telles que f(x) = 1/x et g(x) = √x Sélectionne tous les nombres ayant une image par les deux fonctions sans exception. 0 Non
56%
Soient les fonctions f et g telles que f(x) = 1/x et g(x) = √x Sélectionne tous les nombres ayant une image par les deux fonctions sans exception. 14 Oui
56%
Sélectionne les nombres premiers 2 Oui
56%
Sélectionne les nombres appartenant à l'ensemble Z. -23,46 Non
56%
Soient les fonctions f et g telles que f(x) = 1/x et g(x) = √x Sélectionne tous les nombres ayant une image par les deux fonctions sans exception. 2,5 Oui
56%
Soient les fonctions f et g telles que f(x) = 1/x et g(x) = √x Sélectionne tous les nombres ayant une image par les deux fonctions sans exception. Oui
56%
Voici une inéquation : (3x - 9)(-7 + 4x) < 0 Sélectionne les solutions (valeurs de x) possibles. 5/6 Non
56%
Soient les fonctions f et g telles que f(x) = 1/x et g(x) = √x Sélectionne tous les nombres ayant une image par les deux fonctions sans exception. -5 - (-7) Oui
56%
Sélectionne les nombres appartenant à l'ensemble Z. 7,5 Non
56%
Sélectionne les nombres appartenant à l'ensemble Z. 0,1 Non
44%
Soient les fonctions f et g telles que f(x) = 1/x et g(x) = √x Sélectionne tous les nombres ayant une image par les deux fonctions sans exception. -1 Non
44%
Soient les fonctions f et g telles que f(x) = 1/x et g(x) = √x Sélectionne tous les nombres ayant une image par les deux fonctions sans exception. -2 Non
44%
Voici une inéquation : (3x - 9)(-7 + 4x) < 0 Sélectionne les solutions (valeurs de x) possibles. 2 Oui
44%
Sélectionne les nombres irrationnels. 2/3 Non
44%
Voici une inéquation : (3x - 9)(-7 + 4x) < 0 Sélectionne les solutions (valeurs de x) possibles. 3 Non
44%
Sélectionne les nombres appartenant à l'ensemble Z. -6 Oui
44%
Sélectionne les nombres irrationnels. √6 Oui
44%
Soient les fonctions f et g telles que f(x) = 1/x et g(x) = √x Sélectionne tous les nombres ayant une image par les deux fonctions sans exception. 8 Oui
44%
Voici une inéquation : (3x - 9)(-7 + 4x) < 0 Sélectionne les solutions (valeurs de x) possibles. -9 Non
44%
Sélectionne les nombres irrationnels. e^5 Oui
44%
Voici une inéquation : (3x - 9)(-7 + 4x) < 0 Sélectionne les solutions (valeurs de x) possibles. 0 Non
33%
Voici une inéquation : (3x - 9)(-7 + 4x) < 0 Sélectionne les solutions (valeurs de x) possibles. 1,8 Non
33%
Soient les fonctions f et g telles que f(x) = 1/x et g(x) = √x Sélectionne tous les nombres ayant une image par les deux fonctions sans exception. √2 Oui
33%
Voici une inéquation : (3x - 9)(-7 + 4x) < 0 Sélectionne les solutions (valeurs de x) possibles. -7/4 Non
33%
Sélectionne les nombres premiers 1 Non
22%
Voici une inéquation : (3x - 9)(-7 + 4x) < 0 Sélectionne les solutions (valeurs de x) possibles. 2,99 Oui
22%
Sélectionne les nombres irrationnels. ln(e^3) Non
11%
Voici une inéquation : (3x - 9)(-7 + 4x) < 0 Sélectionne les solutions (valeurs de x) possibles. 8/3 Oui
0%
Aucun quiz correspondant
Distribution des résultats
% des personnes avec chaque résultat
Percentile par nombre de réponses
Votre historique - résultats
Vous n’avez pas pris ce quiz